Pronunciation exercises in English: including drills for the correction of faulty accent and intonation
Gorde:
| Egile Nagusiak: | , |
|---|---|
| Formatua: | Liburua |
| Hizkuntza: | ingelesa |
| Argitaratua: |
Nueva York
Regents Publishing Co. Inc.
1947
|
| Saila: | English as a Foreign Language
|
| Gaiak: | |
| Etiketak: |
Etiketa erantsi
Etiketarik gabe, Izan zaitez lehena erregistro honi etiketa jartzen!
|
MARC
| LEADER | 00000cam a2200000 a 4500 | ||
|---|---|---|---|
| 001 | UCF3784 | ||
| 003 | CL-VaPUC | ||
| 008 | 121031e19470000US |||||||||||||||||eng|d | ||
| 082 | 0 | 4 | |a 421.52 |b CLA |2 21 |
| 100 | 0 | |a Clarey, M. Elizabeth |e author |9 565494 | |
| 700 | 0 | |a Dixson, Robert J |e author |9 565495 | |
| 245 | 1 | 0 | |a Pronunciation exercises in English: including drills for the correction of faulty accent and intonation |
| 300 | |a 119 p | ||
| 942 | |c BK | ||
| 945 | |d 20121031 00:00:00 |a dcastane | ||
| 260 | |a Nueva York |b Regents Publishing Co. Inc. |c 1947 | ||
| 650 | 0 | |a Inglés |9 260023 | |
| 650 | 7 | |a PRONUNCIACION |2 CL-VaPUC |9 371723 | |
| 650 | 0 | |a Fonética |9 308371 | |
| 650 | 0 | |a Métodos de enseñanza |9 270413 | |
| 650 | 0 | |a Enseñanza de idiomas |9 339820 | |
| 650 | 0 | |a Enseñanza del inglés |9 367340 | |
| 650 | 0 | |a Educación lingüística |9 306506 | |
| 583 | |a last modification |c 20170824 03:09:42 |k Rodrigo Vera | ||
| 490 | 0 | |a English as a Foreign Language | |
| 999 | |c 349914 |d 349912 | ||
| 952 | |0 0 |1 0 |4 0 |6 421_520000000000000_CLA_1947 |7 0 |8 A |9 452800 |a BIBEDU |b BIBEDU |d 2019-11-22 |i 4809599 |l 1 |o 421.52 CLA 1947 |p 4809599 |r 2024-07-05 |s 2024-06-27 |w 2019-11-22 |y BK |k LIT | ||